[Event "XXXVIII C.to italiano ASCI"]
[Site "Silvi Marina ITA"]
[Date "2010.09.01"]
[Round "5"]
[White "Melle, Ezio"]
[Black "Murgia, Stefano"]
[Result "1-0"]
[WhiteElo "1732"]
[BlackElo "1796"]
[PlyCount "59"]
[EventDate "2010.08.28"]

1. e4 c6 2. Nf3 d5 3. Nc3 dxe4 4. Nxe4 Bf5 5. Ng3 Bg6 6. h4 h6 7. Ne5 Bh7 8.
Qh5 g6 9. Bc4 e6 10. Qe2 Qe7 11. d4 Nd7 12. Bf4 Ngf6 13. O-O-O Bg7 14. Rhe1 Nb6
15. Bb3 a5 16. a3 Nbd5 17. Bd2 O-O 18. c4 Nb4 19. axb4 axb4 20. Kb1 g5+ 21. Bc2
Ra1+ 22. Kxa1 Bxc2 23. b3 Bxb3 24. Kb2 Bxd1 25. Rxd1 c5 26. hxg5 hxg5 27. Bxg5
Ra8 28. Nh5 b5 29. Nxf6+ Bxf6 30. Bxf6 1-0

[Event "XXXVIII C.to italiano ASCI"]
[Site "Silvi Marina ITA"]
[Date "2010.09.02"]
[Round "6"]
[White "Damiani, Lorenzo"]
[Black "Casadei, Marco"]
[Result "0-1"]
[WhiteElo "1613"]
[BlackElo "1727"]
[PlyCount "60"]
[EventDate "2010.08.28"]

1. d4 d5 2. c4 c6 3. Nc3 Nf6 4. Nf3 e6 5. Bg5 h6 6. Bxf6 Qxf6 7. cxd5 exd5 8.
e4 dxe4 9. Nxe4 Bb4+ 10. Nc3 O-O 11. Be2 Rd8 12. O-O Bf5 13. Qa4 Bxc3 14. bxc3
b5 15. Qd1 Nd7 16. Nd2 Nb6 17. Bf3 Rac8 18. Re1 c5 19. Nb3 Na4 20. Qd2 a5 21.
Rad1 b4 22. c4 Nc3 23. Rc1 a4 24. Nxc5 Rxd4 25. Qe3 Rxc5 26. Qe8+ Kh7 27. Qf8
Rdxc4 28. Re8 Ne2+ 29. Bxe2 Rxc1+ 30. Bf1 Bd3 0-1

[Event "XXXVIII C.to italiano ASCI"]
[Site "Silvi Marina ITA"]
[Date "2010.09.02"]
[Round "6"]
[White "Pugliese, Giuseppe"]
[Black "Melle, Ezio"]
[Result "1-0"]
[WhiteElo "1805"]
[BlackElo "1732"]
[PlyCount "89"]
[EventDate "2010.08.28"]

1. e4 c6 2. d4 d5 3. Nd2 dxe4 4. Nxe4 Bf5 5. Ng3 Bg6 6. h4 h6 7. Nf3 Nd7 8. Bd3
Bxd3 9. Qxd3 Qc7 10. Bd2 O-O-O 11. O-O-O e5 12. dxe5 Nxe5 13. Qf5+ Nd7 14. Bf4
Qb6 15. Ne5 Ngf6 16. Nxf7 Bc5 17. Nxh8 Rxh8 18. Ne4 Bd4 19. Nd6+ Kd8 20. Nc4
Qc5 21. Qxc5 Bxc5 22. Nd6 Bxd6 23. Bxd6 Ne4 24. Bg3 Rf8 25. Rd4 Nxf2 26. Bxf2
Rxf2 27. Rhd1 Rf7 28. c4 Kc7 29. R4d2 Re7 30. Kc2 Rf7 31. Re1 Nb6 32. b3 Nd7
33. Ree2 Nb6 34. a4 Nd7 35. Rf2 Re7 36. Rde2 Rxe2+ 37. Rxe2 Kd6 38. Kc3 b6 39.
b4 c5 40. b5 Ne5 41. a5 Nd7 42. axb6 axb6 43. h5 Nf6 44. Ra2 Nxh5 45. Ra7 1-0

[Event "XXXVIII C.to italiano ASCI"]
[Site "Silvi Marina ITA"]
[Date "2010.09.03"]
[Round "7"]
[White "Casadei, Marco"]
[Black "Pugliese, Giuseppe"]
[Result "1/2-1/2"]
[WhiteElo "1727"]
[BlackElo "1805"]
[PlyCount "44"]
[EventDate "2010.08.28"]

1. e4 c5 2. Nf3 Nc6 3. d4 cxd4 4. Nxd4 Qc7 5. Nc3 e6 6. Be3 a6 7. Be2 b5 8. O-O
Bb7 9. Nxc6 dxc6 10. f3 Nf6 11. Rc1 Be7 12. Qe1 Nd7 13. Qf2 c5 14. Nb1 c4 15.
c3 Bc5 16. Bxc5 Qxc5 17. Qxc5 Nxc5 18. Rfd1 Ke7 19. Rd2 Rhd8 20. Rcd1 Rxd2 21.
Rxd2 Rd8 22. Rxd8 Kxd8 1/2-1/2

[Event "XXXVIII C.to italiano ASCI"]
[Site "Silvi Marina ITA"]
[Date "2010.09.03"]
[Round "7"]
[White "Gasperoni, Claudio"]
[Black "Antonini, Franco"]
[Result "1/2-1/2"]
[WhiteElo "1814"]
[BlackElo "2141"]
[PlyCount "43"]
[EventDate "2010.08.28"]

1. d4 d5 2. c4 c6 3. Nc3 Nf6 4. cxd5 cxd5 5. Nf3 Bf5 6. Bf4 Nc6 7. e3 e6 8. Bd3
Bg6 9. O-O Bd6 10. Bxd6 Qxd6 11. Rc1 a6 12. a3 Bxd3 13. Qxd3 O-O 14. b4 b5 15.
h3 Rac8 16. Rc2 Rc7 17. Rfc1 Rfc8 18. Ne2 Ne7 19. Rxc7 Rxc7 20. Rxc7 Qxc7 21.
Qc3 Qxc3 22. Nxc3 1/2-1/2

[Event "V C.to Unione Europea"]
[Site "Arvier ITA"]
[Date "2010.09.04"]
[Round "1"]
[White "Agrest, Evgenij"]
[Black "Schmid, Pablo"]
[Result "1-0"]
[WhiteElo "2585"]
[BlackElo "2087"]
[PlyCount "59"]
[EventDate "2010.09.04"]

1. Nf3 g6 2. c4 Bg7 3. g3 e5 4. d4 exd4 5. Nxd4 Nc6 6. Nxc6 bxc6 7. Bg2 Ne7 8.
Nc3 O-O 9. O-O a5 10. Bf4 Ba6 11. c5 Nf5 12. Qd2 Nd4 13. Be3 Ne6 14. Rfd1 Rb8
15. Rac1 Bc8 16. b3 f5 17. f4 Qe7 18. Na4 Rb4 19. Bf2 Rf7 20. e3 Ba6 21. Be1
Nf8 22. Qf2 Rb5 23. Bf1 h6 24. Nc3 Ne6 25. a4 Rxb3 26. Bxa6 Nxc5 27. Bc4 Rxc3
28. Bxf7+ Qxf7 29. Bxc3 Ne4 30. Qe1 1-0

[Event "V C.to Unione Europea"]
[Site "Arvier ITA"]
[Date "2010.09.04"]
[Round "1"]
[White "Baloire, Endy"]
[Black "Suba, Mihai"]
[Result "0-1"]
[WhiteElo "1953"]
[BlackElo "2464"]
[PlyCount "50"]
[EventDate "2010.09.04"]

1. d4 Nf6 2. Bf4 e6 3. e3 b6 4. Nf3 Bb7 5. c3 Bd6 6. Bg3 Ne4 7. Nbd2 f5 8. Ne5
O-O 9. f4 Be7 10. Nxe4 Bxe4 11. Qd2 d6 12. Nf3 Nd7 13. Bc4 d5 14. Be2 c5 15.
O-O c4 16. b4 b5 17. a4 a5 18. axb5 axb4 19. cxb4 Qb6 20. Ra5 Rxa5 21. bxa5
Qxb5 22. Ra1 Ra8 23. Qa2 Bb4 24. Ng5 Rxa5 25. Qb2 c3 0-1

[Event "V C.to Unione Europea"]
[Site "Arvier ITA"]
[Date "2010.09.04"]
[Round "1"]
[White "Barletta, Mauro"]
[Black "Bisi, Samuele"]
[Result "1-0"]
[WhiteElo "2211"]
[BlackElo "1829"]
[PlyCount "44"]
[EventDate "2010.09.04"]

1. e4 e5 2. Nf3 Nf6 3. Bc4 Nc6 4. d4 exd4 5. O-O Bc5 6. e5 d5 7. exf6 dxc4 8.
fxg7 Rg8 9. Bg5 Qd5 10. Nc3 Qf5 11. Re1+ Be6 12. Ne4 Be7 13. Nh4 Qd5 14. Nf6+
Bxf6 15. Bxf6 Kd7 16. Qd2 Rae8 17. Rad1 Kc8 18. Qh6 Bf5 19. Qg5 Be4 20. Qxd5
Bxd5 21. Nf5 Be6 22. Nh6 Kd7 1-0

[Event "V C.to Unione Europea"]
[Site "Arvier ITA"]
[Date "2010.09.04"]
[Round "1"]
[White "Bisi, Riccardo"]
[Black "Valenti, Giuseppe"]
[Result "0-1"]
[WhiteElo "1587"]
[BlackElo "2162"]
[PlyCount "80"]
[EventDate "2010.09.04"]

1. e4 c5 2. Nf3 e6 3. Nc3 a6 4. a4 Qc7 5. Bc4 Nc6 6. d3 Nf6 7. Be3 Be7 8. Qe2
d6 9. d4 cxd4 10. Nxd4 Bd7 11. f3 Ne5 12. Bb3 Rc8 13. O-O O-O 14. Rad1 Nc4 15.
Bxc4 Qxc4 16. Qxc4 Rxc4 17. a5 Rfc8 18. Nb3 h6 19. Bd4 e5 20. Be3 Be6 21. Rd3
R4c6 22. Rfd1 Ne8 23. Bb6 f5 24. R1d2 fxe4 25. fxe4 Nf6 26. h3 Rc4 27. Re3 Nd7
28. Red3 Nxb6 29. axb6 Rb4 30. Na5 Rxb6 31. Na4 Rb5 32. Nb3 Rb4 33. Nc3 Rbc4
34. Na5 Rb4 35. Nb3 b5 36. Na2 Rxe4 37. Nc3 Rec4 38. Rd1 b4 39. Na2 Rxc2 40.
Nxb4 Rxb2 0-1

[Event "V C.to Unione Europea"]
[Site "Arvier ITA"]
[Date "2010.09.04"]
[Round "1"]
[White "Bogatto, Mario"]
[Black "Fox, Anthony"]
[Result "0-1"]
[WhiteElo "1455"]
[BlackElo "2130"]
[PlyCount "116"]
[EventDate "2010.09.04"]

1. e4 e5 2. Nf3 Nc6 3. Bb5 a6 4. Bxc6 dxc6 5. O-O f6 6. c3 Qd3 7. Re1 Bc5 8.
Qe2 Qxe2 9. Rxe2 Bg4 10. b4 Ba7 11. h3 Bxf3 12. gxf3 O-O-O 13. Na3 Rd3 14. Nc2
Rxf3 15. Kg2 Rd3 16. Ne1 Rd7 17. d3 Ne7 18. Be3 Bxe3 19. Rxe3 Ng6 20. Kh2 Nf4
21. Rd1 Rhd8 22. f3 Ne6 23. Nc2 c5 24. bxc5 Nxc5 25. d4 Ne6 26. d5 Nc5 27. c4
Rd6 28. Ne1 Rb6 29. Rd2 Rb4 30. Rc2 b6 31. Nd3 Nxd3 32. Rxd3 c5 33. Rb3 Rxb3
34. axb3 Kb7 35. Kg3 Rc8 36. Kg4 g6 37. h4 b5 38. h5 Kb6 39. Rd2 Rd8 40. hxg6
hxg6 41. f4 exf4 42. Kxf4 Re8 43. Rg2 bxc4 44. bxc4 g5+ 45. Kf5 Re5+ 46. Kxf6
Rxe4 47. Rc2 g4 48. Kf5 Rd4 49. Rb2+ Kc7 50. Rc2 Kd6 51. Kg5 g3 52. Kf5 a5 53.
Kf6 a4 54. Kf5 a3 55. Kf6 Rg4 56. Re2 g2 57. Re6+ Kd7 58. Re7+ Kd8 0-1

[Event "V C.to Unione Europea"]
[Site "Arvier ITA"]
[Date "2010.09.04"]
[Round "1"]
[White "Brunello, Sabino"]
[Black "Brunello, Roberta"]
[Result "1-0"]
[WhiteElo "2497"]
[BlackElo "2066"]
[PlyCount "49"]
[EventDate "2010.09.04"]

1. e4 e5 2. f4 exf4 3. Nf3 d5 4. exd5 Nf6 5. Bc4 Nxd5 6. O-O c6 7. d4 Bd6 8.
Bxd5 cxd5 9. Nc3 Be6 10. Nb5 O-O 11. Nxd6 Qxd6 12. Ng5 Bf5 13. Bxf4 Qg6 14. c3
Nd7 15. Qb3 Nb6 16. Rf2 Rae8 17. a4 Re7 18. Nf3 Bc8 19. a5 Nc4 20. Qb5 Rfe8 21.
b3 Ne3 22. Ne5 Qh5 23. Bxe3 f6 24. Raf1 fxe5 25. Qxd5+ 1-0

[Event "V C.to Unione Europea"]
[Site "Arvier ITA"]
[Date "2010.09.04"]
[Round "1"]
[White "Cafolla, Peter"]
[Black "Bonino, Silvano"]
[Result "1-0"]
[WhiteElo "2088"]
[BlackElo "1428"]
[PlyCount "65"]
[EventDate "2010.09.04"]

1. e4 c6 2. d4 d5 3. exd5 cxd5 4. Bd3 Nf6 5. c3 Nc6 6. Bf4 Bg4 7. Qb3 Qb6 8.
Nd2 Qxb3 9. axb3 e6 10. h3 Bh5 11. Ngf3 Be7 12. Bb5 O-O 13. O-O Rfc8 14. Rfe1
Bg6 15. b4 a6 16. Bf1 Bd8 17. g4 b5 18. Ra3 Ra7 19. Rea1 Rca8 20. Ne5 Nxe5 21.
Bxe5 Bb6 22. Bd6 Ne4 23. Nxe4 Bxe4 24. Bc5 Bxc5 25. dxc5 d4 26. c4 d3 27. Bxd3
Bxd3 28. Rxd3 bxc4 29. Rda3 Rb8 30. Rxa6 Rxa6 31. Rxa6 f5 32. c6 Rc8 33. b5 1-0

[Event "V C.to Unione Europea"]
[Site "Arvier ITA"]
[Date "2010.09.04"]
[Round "1"]
[White "Calzetta Ruiz, Monica"]
[Black "Vozza, Nicola"]
[Result "1-0"]
[WhiteElo "2280"]
[BlackElo "1911"]
[PlyCount "107"]
[EventDate "2010.09.04"]

1. e4 e5 2. Nf3 Nc6 3. Bb5 f5 4. Nc3 fxe4 5. Nxe4 Nf6 6. Nxf6+ Qxf6 7. O-O Bc5
8. Bxc6 dxc6 9. Nxe5 Bd4 10. Nf3 O-O 11. Nxd4 Qxd4 12. d3 Bg4 13. Qd2 Rae8 14.
Qc3 Qxc3 15. bxc3 Re2 16. Ba3 Rfe8 17. Rfc1 b6 18. c4 c5 19. Bb2 Bd7 20. d4 Rf8
21. f3 cxd4 22. Bxd4 c5 23. Bf2 Ba4 24. c3 Rd8 25. Be1 g5 26. Kf1 Rde8 27. Bg3
Bc2 28. Re1 Bd3 29. Rxe2 Rxe2 30. Kg1 Bxc4 31. a3 Bd3 32. Bb8 Re7 33. Kf2 Re2+
34. Kg3 a6 35. Ba7 Re6 36. a4 c4 37. Ra2 b5 38. axb5 axb5 39. Bd4 Re1 40. Ra8+
Kf7 41. Rb8 Re6 42. Rxb5 Kg6 43. h4 gxh4+ 44. Kxh4 Kf7 45. g4 Be2 46. f4 Rh6+
47. Kg3 Rg6 48. Rb7+ Kg8 49. g5 h6 50. Bf6 hxg5 51. fxg5 Kf8 52. Kf4 Kg8 53.
Kf5 Bd3+ 54. Ke6 1-0

[Event "V C.to Unione Europea"]
[Site "Arvier ITA"]
[Date "2010.09.04"]
[Round "1"]
[White "Delaney, John"]
[Black "De Leeuw, Johannes"]
[Result "1-0"]
[WhiteElo "2220"]
[BlackElo "1882"]
[PlyCount "47"]
[EventDate "2010.09.04"]

1. e4 e5 2. Bc4 Nf6 3. d3 Be7 4. Nc3 d6 5. f4 c6 6. Nf3 Qc7 7. a4 a5 8. O-O O-O
9. Kh1 Na6 10. Qe2 Nc5 11. f5 b6 12. g4 Bb7 13. g5 Ne8 14. Nh4 Qd8 15. Qg2 d5
16. exd5 cxd5 17. Bxd5 Bxd5 18. Nxd5 Rc8 19. f6 Bd6 20. Nf5 gxf6 21. gxf6+ Kh8
22. Bh6 Ne6 23. Bg7+ N6xg7 24. fxg7+ 1-0

[Event "V C.to Unione Europea"]
[Site "Arvier ITA"]
[Date "2010.09.04"]
[Round "1"]
[White "Gallucci, Alessio"]
[Black "Lisandri, Luigi"]
[Result "1-0"]
[WhiteElo "2144"]
[BlackElo "1463"]
[PlyCount "57"]
[EventDate "2010.09.04"]

1. e4 e6 2. d4 b6 3. c4 Bb7 4. Nc3 Bb4 5. Bd3 Ne7 6. Qg4 Ng6 7. Nge2 Qh4 8.
Qxh4 Nxh4 9. O-O a6 10. Bf4 Bd6 11. Bxd6 cxd6 12. f3 Nc6 13. Na4 b5 14. cxb5
axb5 15. Bxb5 Ra5 16. Nac3 O-O 17. a3 Ba6 18. Bxa6 Rxa6 19. b4 Ne7 20. a4 Rfa8
21. b5 Ra5 22. Nc1 Nc8 23. Nb3 R5a7 24. a5 Rc7 25. Rfc1 Rc4 26. Ra4 d5 27. b6
Nxb6 28. axb6 Raxa4 29. Nxa4 1-0

[Event "V C.to Unione Europea"]
[Site "Arvier ITA"]
[Date "2010.09.04"]
[Round "1"]
[White "Mazzetta, Renato"]
[Black "Estremera Panos, Sergio"]
[Result "1/2-1/2"]
[WhiteElo "1920"]
[BlackElo "2337"]
[PlyCount "82"]
[EventDate "2010.09.04"]

1. e4 c5 2. Nc3 Nc6 3. g3 g6 4. Bg2 Bg7 5. d3 d6 6. Nge2 e5 7. O-O Nge7 8. f4
O-O 9. Nd5 Nxd5 10. exd5 Ne7 11. c4 Nf5 12. Rb1 Re8 13. Nc3 exf4 14. Bxf4 Ne3
15. Bxe3 Rxe3 16. Rf4 Qe7 17. Re4 Rxe4 18. Nxe4 f5 19. Nc3 Bd7 20. Qe2 Qf6 21.
Re1 Re8 22. Qf2 Rxe1+ 23. Qxe1 Qd4+ 24. Kh1 Be5 25. Qe2 a6 26. Nd1 h5 27. b3 h4
28. gxh4 Qxh4 29. Bf1 f4 30. Qf2 Qg5 31. Qg2 Qxg2+ 32. Kxg2 Bg4 33. Nf2 f3+ 34.
Kh1 Bh5 35. Bh3 Bd4 36. Kg1 a5 37. Kf1 Be5 38. Ng4 Bxg4 39. Bxg4 Bxh2 40. Kf2
Kg7 41. Kxf3 Kf6 1/2-1/2

[Event "V C.to Unione Europea"]
[Site "Arvier ITA"]
[Date "2010.09.04"]
[Round "1"]
[White "Messina, Roberta"]
[Black "Yeuillaz, Corrado"]
[Result "0-1"]
[WhiteElo "1890"]
[BlackElo "2227"]
[PlyCount "38"]
[EventDate "2010.09.04"]

1. Nf3 d6 2. b3 e5 3. c4 f5 4. Nc3 Nf6 5. e3 Be7 6. d4 e4 7. Nd2 c6 8. Be2 O-O
9. O-O Kh8 10. Bb2 d5 11. Qc1 Be6 12. Ba3 Nbd7 13. Bxe7 Qxe7 14. c5 g5 15. f4
Rg8 16. b4 Rg6 17. g3 Qg7 18. Kf2 Rg8 19. Ke1 Rh6 0-1

[Event "V C.to Unione Europea"]
[Site "Arvier ITA"]
[Date "2010.09.04"]
[Round "1"]
[White "Ortega, Lexy"]
[Black "Dritsakos, Alessio"]
[Result "1-0"]
[WhiteElo "2473"]
[BlackElo "1971"]
[PlyCount "43"]
[EventDate "2010.09.04"]

1. Nf3 Nf6 2. c4 e6 3. b3 Be7 4. Bb2 O-O 5. g3 b6 6. Bg2 Bb7 7. O-O c5 8. d4
Na6 9. Nc3 Ne4 10. d5 Nxc3 11. Bxc3 exd5 12. cxd5 d6 13. e4 Nc7 14. Nd2 f5 15.
exf5 Nxd5 16. Bb2 Qd7 17. Nc4 Nf6 18. Bxb7 Qxb7 19. Nxd6 Qd7 20. Bxf6 Rxf6 21.
Qd5+ Kf8 22. Qxa8+ 1-0

[Event "V C.to Unione Europea"]
[Site "Arvier ITA"]
[Date "2010.09.04"]
[Round "1"]
[White "Pepino, Enrico"]
[Black "Cattaneo, Roger"]
[Result "1-0"]
[WhiteElo "2205"]
[BlackElo "1748"]
[PlyCount "93"]
[EventDate "2010.09.04"]

1. e4 c5 2. Nf3 Nc6 3. d4 cxd4 4. Nxd4 e5 5. Nb5 a6 6. Nd6+ Bxd6 7. Qxd6 Qe7 8.
Qxe7+ Ngxe7 9. Nc3 d6 10. Be3 Be6 11. O-O-O Rd8 12. Bb6 Rd7 13. Nd5 Bxd5 14.
exd5 Nb8 15. g3 O-O 16. f4 Nc8 17. Be3 f6 18. c4 Rc7 19. Kb1 Nd7 20. Rc1 exf4
21. gxf4 f5 22. Rg1 Nc5 23. b4 Ne4 24. Bd3 Re8 25. Rce1 Rce7 26. Kc2 g6 27. Bd4
Kf7 28. h4 Nf6 29. Rxe7+ Rxe7 30. a4 b6 31. a5 b5 32. Bxf6 Kxf6 33. cxb5 axb5
34. Bxb5 Rb7 35. Ba6 Rxb4 36. Bxc8 Rc4+ 37. Kb3 Rxc8 38. a6 h6 39. Kb4 g5 40.
hxg5+ hxg5 41. Rxg5 Re8 42. Rg1 Rc8 43. a7 Ra8 44. Ra1 Kg6 45. Kb5 Kh5 46. Kb6
Kg4 47. Ra4 1-0

[Event "V C.to Unione Europea"]
[Site "Arvier ITA"]
[Date "2010.09.04"]
[Round "1"]
[White "Pierantoni, Mauro"]
[Black "Brunello, Marina"]
[Result "0-1"]
[WhiteElo "1866"]
[BlackElo "2212"]
[PlyCount "108"]
[EventDate "2010.09.04"]

1. c4 Nf6 2. Nc3 e6 3. g3 d5 4. cxd5 exd5 5. Bg2 c6 6. d4 Be7 7. Nf3 O-O 8. O-O
Bf5 9. Nh4 Bg4 10. f3 Bh5 11. Nf5 Nbd7 12. Bf4 Re8 13. Re1 Bf8 14. h3 Bg6 15.
Nh4 Nh5 16. Nxg6 hxg6 17. Qd2 Nxf4 18. Qxf4 Nf6 19. Rad1 Nh5 20. Qg4 Bd6 21. f4
Re3 22. Bf3 Qb6 23. Kf2 Rae8 24. Qd7 Bb8 25. Bxd5 cxd5 26. Nxd5 Qe6 27. Qxe6
R3xe6 28. Kf3 f5 29. g4 fxg4+ 30. hxg4 Nxf4 31. Nxf4 Re3+ 32. Kg2 Bxf4 33. Rf1
Rxe2+ 34. Rf2 Bd6 35. Kf1 Rxf2+ 36. Kxf2 Kf7 37. Kf3 g5 38. Rd3 Re7 39. Rb3 b6
40. Rb5 Bf4 41. Rd5 Ke6 42. Ke4 Kf6+ 43. Kd3 a6 44. a4 Ke6 45. Ke4 Re8 46. b4
g6 47. a5 b5 48. Rc5 Kd6+ 49. Kd3 Re3+ 50. Kc2 Re7 51. Kd3 Rc7 52. Ke4 Rxc5 53.
dxc5+ Kc6 54. Kd4 Bd2 0-1

[Event "V C.to Unione Europea"]
[Site "Arvier ITA"]
[Date "2010.09.04"]
[Round "1"]
[White "Renzini, Lorenzo"]
[Black "Grant, Jonathan I.M."]
[Result "0-1"]
[WhiteElo "1751"]
[BlackElo "2210"]
[PlyCount "50"]
[EventDate "2010.09.04"]

1. c4 c5 2. g3 Nf6 3. Nc3 e6 4. Bg2 d5 5. cxd5 exd5 6. d4 cxd4 7. Qxd4 Nc6 8.
Qd1 d4 9. Ne4 Bf5 10. Nxf6+ Qxf6 11. Nf3 Bb4+ 12. Bd2 O-O 13. O-O Bc5 14. Bg5
Qe6 15. Rc1 Bb6 16. a3 h6 17. Bf4 Rad8 18. Ne1 Rfe8 19. Bf3 Bh3 20. Ng2 g5 21.
Bd2 Rd7 22. Qc2 d3 23. exd3 Nd4 24. Qd1 Nxf3+ 25. Qxf3 Bg4 0-1

[Event "V C.to Unione Europea"]
[Site "Arvier ITA"]
[Date "2010.09.04"]
[Round "1"]
[White "Tate, Alan"]
[Black "Montani, Riccardo"]
[Result "1-0"]
[WhiteElo "2234"]
[BlackElo "1893"]
[PlyCount "83"]
[EventDate "2010.09.04"]

1. e4 c5 2. Nf3 d6 3. c3 Nf6 4. h3 Bd7 5. Bd3 Bc6 6. Qe2 e6 7. Bc2 d5 8. e5
Nfd7 9. d4 a6 10. a4 b5 11. O-O bxa4 12. Bxa4 Bxa4 13. Rxa4 Be7 14. dxc5 Nxc5
15. Rg4 g6 16. Bh6 Nc6 17. Re1 Qb6 18. b4 Ne4 19. Rxe4 dxe4 20. Qxe4 Rd8 21.
Na3 Na7 22. Nc4 Qc6 23. Qf4 Nc8 24. Ng5 Bxg5 25. Bxg5 Rd7 26. Re4 h5 27. Bf6
Rf8 28. Qe3 Rd1+ 29. Kh2 Rd7 30. Na5 Qb5 31. Rc4 Nb6 32. Rc6 Rb7 33. Rc5 Qd7
34. Nxb7 Qxb7 35. Bg5 Nd5 36. Qd4 Qb8 37. Kg1 Rh8 38. Bf6 Rg8 39. Qc4 Nb6 40.
Qxa6 Nd7 41. Qc8+ Qxc8 42. Rxc8# 1-0

[Event "V C.to Unione Europea"]
[Site "Arvier ITA"]
[Date "2010.09.04"]
[Round "1"]
[White "Vernay, Clovis"]
[Black "Frank, Albert"]
[Result "1-0"]
[WhiteElo "2460"]
[BlackElo "1923"]
[PlyCount "61"]
[EventDate "2010.09.04"]

1. d4 e6 2. c4 b6 3. a3 Bb7 4. Nc3 d6 5. e4 Nd7 6. Nf3 Ne7 7. h4 g6 8. h5 Bg7
9. Be3 Nf6 10. h6 Bf8 11. Bg5 Nxe4 12. Nxe4 Bxe4 13. Bf6 Bxf3 14. Qxf3 Rg8 15.
Bd3 Qc8 16. O-O-O c6 17. Kb1 Rb8 18. g4 Qb7 19. Qe2 d5 20. f4 dxc4 21. Bxc4 Nd5
22. Bxd5 cxd5 23. f5 Be7 24. fxe6 Bxf6 25. Rhf1 Qe7 26. Qb5+ Kf8 27. g5 a6 28.
Qb3 Qxe6 29. Rde1 Qd7 30. Rxf6 Rb7 31. Qb4+ 1-0

[Event "V C.to Unione Europea"]
[Site "Arvier ITA"]
[Date "2010.09.05"]
[Round "2"]
[White "Bisi, Samuele"]
[Black "Ricci, Marco"]
[Result "1/2-1/2"]
[WhiteElo "1829"]
[BlackElo "2081"]
[PlyCount "36"]
[EventDate "2010.09.04"]

1. d4 Nf6 2. c4 g6 3. Nc3 Bg7 4. e4 d6 5. f3 O-O 6. Nge2 e5 7. Bg5 Nc6 8. d5
Ne7 9. Qd2 Nd7 10. O-O-O f6 11. Bh4 a5 12. g4 Nc5 13. Bf2 b6 14. h4 h6 15. g5
hxg5 16. hxg5 f5 17. Bxc5 bxc5 18. f4 Rb8 1/2-1/2

[Event "V C.to Unione Europea"]
[Site "Arvier ITA"]
[Date "2010.09.05"]
[Round "2"]
[White "Brunello, Marina"]
[Black "Agrest, Evgenij"]
[Result "0-1"]
[WhiteElo "2212"]
[BlackElo "2585"]
[PlyCount "46"]
[EventDate "2010.09.04"]

1. e4 c6 2. d4 d5 3. e5 Bf5 4. Nf3 e6 5. Be2 Ne7 6. Nh4 Bg6 7. Nxg6 hxg6 8. Nd2
c5 9. c3 Nbc6 10. Nf3 Nf5 11. O-O cxd4 12. cxd4 Qb6 13. Be3 Be7 14. Qd2 g5 15.
h3 f6 16. exf6 gxf6 17. Rad1 O-O-O 18. Nh2 Kb8 19. a3 Bd6 20. Ng4 Nxe3 21. Nxe3
f5 22. Rfe1 Rdg8 23. Nf1 Rh4 0-1

[Event "V C.to Unione Europea"]
[Site "Arvier ITA"]
[Date "2010.09.05"]
[Round "2"]
[White "Caprio, Guido"]
[Black "Mazzetta, Renato"]
[Result "1-0"]
[WhiteElo "2265"]
[BlackElo "1920"]
[PlyCount "63"]
[EventDate "2010.09.04"]

1. d4 Nf6 2. Nf3 d5 3. c4 c6 4. Nc3 e6 5. Bg5 Nbd7 6. cxd5 exd5 7. e3 Bb4 8.
Qc2 Qa5 9. Bd3 O-O 10. O-O Re8 11. Ne5 h6 12. Nxd7 hxg5 13. Nxf6+ gxf6 14. h3
Kg7 15. g4 Qc7 16. Nxd5 Qd6 17. Nxb4 Qxb4 18. Qc3 Qd6 19. Qc5 Qc7 20. Bf5 Rxe3
21. Kg2 Re2 22. Rae1 Bxf5 23. Rxe2 Bd3 24. Re7 Bxf1+ 25. Kxf1 Qh2 26. Qa3 Rd8
27. Qe3 b5 28. Qe6 Qxh3+ 29. Kg1 Rf8 30. d5 f5 31. Qxf5 Qh6 32. Rxa7 1-0

[Event "V C.to Unione Europea"]
[Site "Arvier ITA"]
[Date "2010.09.05"]
[Round "2"]
[White "Cattaneo, Roger"]
[Black "Baloire, Endy"]
[Result "0-1"]
[WhiteElo "1748"]
[BlackElo "1953"]
[PlyCount "122"]
[EventDate "2010.09.04"]

1. e4 c6 2. d4 d5 3. e5 c5 4. c3 Nc6 5. Bb5 Qb6 6. Bxc6+ bxc6 7. Ne2 Bg4 8. f3
Bf5 9. dxc5 Qxc5 10. Nd4 Bd7 11. Be3 Qb6 12. b4 e6 13. Nd2 c5 14. bxc5 Bxc5 15.
O-O Qc7 16. f4 Ne7 17. N2b3 Bb6 18. Qd2 O-O 19. a4 a6 20. Rfc1 Rfc8 21. Qd3 Qc4
22. Qxc4 Rxc4 23. a5 Ba7 24. Nd2 Rc7 25. Kf2 Rac8 26. Rab1 g6 27. Rb3 h5 28. h3
Bc5 29. Rcb1 Bxd4 30. Bxd4 Bb5 31. g4 hxg4 32. hxg4 Kg7 33. R3b2 Rh8 34. Kg3
Nc6 35. Bb6 Rcc8 36. Nb3 Nb8 37. Bd4 Rc4 38. Ra2 Nc6 39. Rc1 Rc8 40. Raa1 Kg8
41. Kf2 Kg7 42. g5 Nxd4 43. cxd4 Rc2+ 44. Rxc2 Rxc2+ 45. Kg1 Rc3 46. Nc5 Rf3
47. Rb1 Rxf4 48. Rxb5 axb5 49. a6 Rf3 50. Kg2 Ra3 51. Kf2 Kf8 52. Ke2 Ke7 53.
Kd2 Kd8 54. Kc2 Kc7 55. Kb2 b4 56. Kc2 Kb6 57. Nb7 Kxa6 58. Nd6 Rf3 59. Kb2 Ka5
60. Nb7+ Kb5 61. Nd6+ Ka4 0-1

[Event "V C.to Unione Europea"]
[Site "Arvier ITA"]
[Date "2010.09.05"]
[Round "2"]
[White "Dritsakos, Alessio"]
[Black "Renzini, Lorenzo"]
[Result "1-0"]
[WhiteElo "1971"]
[BlackElo "1751"]
[PlyCount "66"]
[EventDate "2010.09.04"]

1. e4 c5 2. Nc3 d6 3. g3 Nf6 4. Bg2 g6 5. Nge2 Nc6 6. O-O Bg7 7. d3 O-O 8. h3
Rb8 9. Be3 b5 10. a3 a5 11. Qd2 b4 12. axb4 axb4 13. Nd1 Nd7 14. Bh6 Nde5 15.
Bxg7 Kxg7 16. f4 Nd7 17. Ne3 e6 18. f5 exf5 19. exf5 Nce5 20. Nd5 f6 21. Nef4
Nb6 22. Ra7+ Rf7 23. Rxf7+ Nxf7 24. Ne6+ Bxe6 25. fxe6 Nxd5 26. Bxd5 Ne5 27. c3
Qb6 28. Qf4 Qd8 29. d4 cxd4 30. cxd4 g5 31. Qf5 Ng6 32. Be4 Qe7 33. h4 h6 1-0

[Event "V C.to Unione Europea"]
[Site "Arvier ITA"]
[Date "2010.09.05"]
[Round "2"]
[White "Estremera Panos, Sergio"]
[Black "Melone, Antonio"]
[Result "1-0"]
[WhiteElo "2337"]
[BlackElo "2016"]
[PlyCount "45"]
[EventDate "2010.09.04"]

1. c4 Nf6 2. Nc3 e6 3. Nf3 d5 4. d4 c6 5. Bg5 Nbd7 6. e3 Qa5 7. cxd5 Nxd5 8.
Qd2 Bb4 9. Rc1 O-O 10. Bd3 f5 11. O-O N7f6 12. Qc2 Bd6 13. a3 Nxc3 14. bxc3 Qc7
15. a4 Ng4 16. h3 Nh2 17. Nxh2 Bxh2+ 18. Kh1 h6 19. Bxh6 gxh6 20. g3 Bxg3 21.
Rg1 Bd7 22. Rxg3+ Kh8 23. Rcg1 1-0

[Event "V C.to Unione Europea"]
[Site "Arvier ITA"]
[Date "2010.09.05"]
[Round "2"]
[White "Fox, Anthony"]
[Black "Calzetta Ruiz, Monica"]
[Result "0-1"]
[WhiteElo "2130"]
[BlackElo "2280"]
[PlyCount "89"]
[EventDate "2010.09.04"]

1. e4 c5 2. d3 Nf6 3. g3 g6 4. Bg2 Bg7 5. f4 d6 6. Nf3 Nc6 7. O-O O-O 8. h3 Rb8
9. Re1 e5 10. fxe5 dxe5 11. Be3 c4 12. Nc3 cxd3 13. cxd3 Be6 14. Kh2 Qa5 15. a3
Rbd8 16. b4 Qc7 17. Rc1 Qb8 18. Qe2 Rd7 19. Na4 Re8 20. Nc5 Rdd8 21. Ng5 Nd4
22. Qf2 Bc8 23. Qa2 Re7 24. Nb3 h6 25. Nxd4 hxg5 26. Nb5 a6 27. Nc3 g4 28. Nd5
Nxd5 29. exd5 gxh3 30. Rxc8 Rxc8 31. Bxh3 Rc3 32. Bc5 Re8 33. d6 Rxd3 34. Rf1
Rf8 35. Bg2 b6 36. Be4 Rxd6 37. Bxd6 Qxd6 38. Bd5 Bf6 39. Be4 Kg7 40. Qf2 Rd8
41. Qf3 a5 42. bxa5 bxa5 43. a4 Qe6 44. Bc6 Qa2+ 45. Kh1 0-1

[Event "V C.to Unione Europea"]
[Site "Arvier ITA"]
[Date "2010.09.05"]
[Round "2"]
[White "Frank, Albert"]
[Black "Bisi, Riccardo"]
[Result "1-0"]
[WhiteElo "1923"]
[BlackElo "1587"]
[PlyCount "33"]
[EventDate "2010.09.04"]

1. Nf3 d5 2. c4 dxc4 3. e3 Bf5 4. Bxc4 Nc6 5. Qb3 e6 6. Qxb7 Na5 7. Bb5+ Ke7 8.
Qa6 Bxb1 9. Qxa5 Be4 10. Qb4+ Kf6 11. Qxe4 Bd6 12. b3 Ke7 13. Bb2 f6 14. Nd4
Qc8 15. Rc1 Nh6 16. g4 Rf8 17. Nxe6 1-0